Alexandre Farnese et les origenes de la belgique moderne 1545-1592
Uloženo v:
| Hlavní autor: | |
|---|---|
| Médium: | Kniha |
| Jazyk: | francouzština |
| Vydáno: |
Bruselas
Office de Publicité
1943
|
| Vydání: | 2a. ed |
| Edice: | Collection Nationale, 16
|
| Témata: | |
| Tagy: |
Přidat tag
Žádné tagy, Buďte první, kdo vytvoří štítek k tomuto záznamu!
|
MARC
| LEADER | 00000nam a2200000 a 4500 | ||
|---|---|---|---|
| 001 | UCO2184 | ||
| 003 | CL-VaPUC | ||
| 008 | 000602e19430000BE |||||||||||||||||fre|d | ||
| 082 | 0 | 4 | |a 949.302 |b VAN |2 21 |
| 100 | 0 | |a Van der Essen, Léon |e author |9 445114 | |
| 245 | 1 | 0 | |a Alexandre Farnese et les origenes de la belgique moderne 1545-1592 |
| 250 | |a 2a. ed | ||
| 300 | |a 75 p | ||
| 942 | |c BK | ||
| 945 | |d 20000602 00:00:00 |a rherrera | ||
| 260 | |a Bruselas |b Office de Publicité |c 1943 | ||
| 600 | 0 | 7 | |a FARNESE, ALEXANDRE |2 CL-VaPUC |9 445115 |
| 650 | 7 | |a HISTORIA DE BELGICA SIGLO 16 |2 CL-VaPUC |9 445116 | |
| 651 | 7 | |a BELGICA |2 CL-VaPUC |9 315122 | |
| 583 | |a last modification |c 20160817 04:50:00 |k Rodrigo Vera | ||
| 490 | 0 | |a Collection Nationale, 16 | |
| 999 | |c 288723 |d 288721 | ||
| 952 | |0 0 |1 0 |4 0 |6 949_302000000000000_VAN_1943 |7 0 |8 X |9 336624 |a BIBHIS |b BIBHIS |d 2019-11-20 |i 1283243 |o 949.302 VAN 1943 |p 1283243 |r 2024-01-30 |w 2019-11-20 |y BK_X |k HIS | ||